Missing Word: Portugal by the Letter Quiz Stats

 Plays Quiz Updated May 10, 2019

Score 0/8 Timer 04:00
0 Plays Today
Fact Answer % Correct
Born in Portugal, Cristiano _______ is widely considered to be one of the best footballers of the modern era.Ronaldo
84%
Portugal held on to its colonial possessions for a long time, but in 1973 a worldwide ___ crisis put more pressure on Portugal and started the Carnation Revolution.Oil
77.9%
As the second most populous city in Portugal, _____ is a center of Portuguese culture and heritage and is famous for its winemaking.Porto
74.6%
Portugal had one of the biggest and longest lasting global empires the world has ever seen, including Brazil in South America and ______ and Mozambique in Africa.Angola
71.1%
The Romans called the land to become Portugal _________, which was also the name of a famous ship that got sunk during WWI.Lusitania
59%
The _____ _____ flows through Lisbon, and is heavily utilized by both industry and agriculture, with many dams being built on it.Tagus River
27.8%
Unlike the USA, but like most of Europe, Portugal is a _______ state, as opposed to a Federation of multiple states.Unitary
21%
António _______, who was formerly prime minister of Portugal, has been Secretary-General of the UN since 2017.Guterres
19.5%

Today's Daily Dose

Missing Word
Banned Books (A-Z)

Word Ladder
Janis Joplin

Get the Picture
Occupations

You're not logged in!

Compare scores with friends on all Sporcle quizzes.
OR
Log In

Sporcle TV

Today on Sporcle TV


Watch our educational content, quiz creation guides, and fun videos on Sporcle TV.

Show Comments

Extras

Top Quizzes Today


Score Distribution

Your Account Isn't Verified!

In order to create a playlist on Sporcle, you need to verify the email address you used during registration. Go to your Sporcle Settings to finish the process.

Report this User

Report this user for behavior that violates our Community Guidelines.

Details: